Assessing the population structure and genetic variability of Kenyan native goats under extensive production system

Indigenous goats are important to many livelihoods. Despite this, they are subjected to indiscriminate crossbreeding. This affects their genetic variability which is needed to survive in current regime of climate change. The study assessed population structure and genetic diversity of Galla and Smal...

Teljes leírás

Elmentve itt :
Bibliográfiai részletek
Szerzők: Kichamu Nelly
Wanjala George
Cziszter Ludovic Toma
Strausz Péter
Astuti Putri Kusuma
Bagi Zoltán
Kusza Szilvia
Dokumentumtípus: Cikk
Megjelent: 2024
Sorozat:SCIENTIFIC REPORTS 14 No. 1
Tárgyszavak:
doi:10.1038/s41598-024-67374-2

mtmt:35135902
Online Access:http://publicatio.bibl.u-szeged.hu/35628
LEADER 02574nab a2200289 i 4500
001 publ35628
005 20250117125428.0
008 250117s2024 hu o 000 eng d
022 |a 2045-2322 
024 7 |a 10.1038/s41598-024-67374-2  |2 doi 
024 7 |a 35135902  |2 mtmt 
040 |a SZTE Publicatio Repozitórium  |b hun 
041 |a eng 
100 1 |a Kichamu Nelly 
245 1 0 |a Assessing the population structure and genetic variability of Kenyan native goats under extensive production system  |h [elektronikus dokumentum] /  |c  Kichamu Nelly 
260 |c 2024 
300 |a 11 
490 0 |a SCIENTIFIC REPORTS  |v 14 No. 1 
520 3 |a Indigenous goats are important to many livelihoods. Despite this, they are subjected to indiscriminate crossbreeding. This affects their genetic variability which is needed to survive in current regime of climate change. The study assessed population structure and genetic diversity of Galla and Small East African goats (SEA) using pedigree information. A total of 7384 animals, 5222 of the Galla and 2162 of the SEA breeds, born between the years 1983 and 2022, were utilized. Individuals with known parents were defined as reference population. From the results, the maximum generation traced for Galla and SEA populations was 14.6 and 14.5, respectively. However, only 6 and 5 generations for Galla and SEA were complete. Pedigree completeness increased with the increasing number of generations. The average generation interval ( GI ) for Galla and SEA was 3.84 ± 0.04 and 4.4 ± 0.13 years. The average increase in the rate of inbreeding per generation for Galla and SEA was 0.04 and 0.05, with the effective ancestors and founders ( fa/fe ) ratio being same (1.00) for both breeds. Fifty percent (50%) of the genetic variability in the populations was contributed by 3 and 1 ancestor for Galla SEA, respectively. The effective population size ( Ne ) was 5.19 and 4.77 for Galla and SEA. Therefore, the current breeding programs should be changed to avoid future genetic bottlenecks in this population. These findings offer an opportunity to enhance the current genetic status and management of Kenyan native goats and other regions with similar production systems. 
650 4 |a Állattenyésztési és tejtermelési tudomány 
700 0 1 |a Wanjala George  |e aut 
700 0 1 |a Cziszter Ludovic Toma  |e aut 
700 0 1 |a Strausz Péter  |e aut 
700 0 1 |a Astuti Putri Kusuma  |e aut 
700 0 1 |a Bagi Zoltán  |e aut 
700 0 1 |a Kusza Szilvia  |e aut 
856 4 0 |u http://publicatio.bibl.u-szeged.hu/35628/1/Goats_Scirep.pdf  |z Dokumentum-elérés